| 000 | 00863nam a2200217Ia 4500 | ||
|---|---|---|---|
| 003 | GCL | ||
| 008 | 140319s9999 xx 000 0 ara d | ||
| 040 |
_aGCL / _cGCL |
||
| 082 | 0 | 4 |
_a338.9 _bص ت |
| 100 | 1 | _aصن، امارتيا | |
| 245 | 1 | 0 |
_aالتنمية حرية : _bمؤسسات حرة وانسان متحرر من الجهل والمرض والفقر / _cصن، امارتيا |
| 260 |
_aالكويت : _bالمجلس الوطنى للثقافة والفنون والاداب ، _c2004 |
||
| 300 |
_a405 ص ؛ _c20 سم |
||
| 490 |
_aعالم المعرفة _v303 |
||
| 650 | 0 | 4 | _aالاحوال الاقتصادية |
| 650 | 0 | 4 | _aالديمقراطية |
| 650 | 0 | 4 | _aالتنمية الاقتصادية |
| 650 | 0 | 4 | _aالتخلف الاقتصادى |
| 650 | 0 | 4 | _aالدول النامية - السياسة الاقتصادية |
| 942 |
_2ddc _cBK |
||
| 999 |
_c6862 _d6862 |
||